Rozpoznaj Stolice Europy po Emoji - Statystyki

Ogólne statystyki
  • Ten quiz został rozwiązany 61 razy
  • Średni wynik to 6 z 14
Statystyki odpowiedzi
Hint Odpowiedź % Poprawnych
🥖 Paryż
81%
🧜🏻‍♀️ Warszawa
72%
🐻 Berlin
62%
🌉 Londyn
62%
🏟 Madryt
42%
🏎 Monako
42%
🍺 Dublin
40%
🐺🗝 Rzym
32%
🍇 Ateny
30%
🚃 Lizbona
26%
🏰 Budapeszt
25%
Oslo
25%
🚇Ⓜ Kijów
23%
🎷🎸 Praga
21%
Nie znaleziono quizów pasujących do podanych kryteriów
Rozkład punktacji
Procent ludzi z każdym wynikiem
Percentyl według liczby udzielonych odpowiedzi
Twoja historia wyników
Nie rozwiązałeś tego quizu